书目信息 |
| 题名: |
大众健康心理咨询
|
|
| 作者: | 红日 编著 | |
| 分册: | ||
| 出版信息: | 北京 中国言实出版社 2006.07 |
|
| 页数: | 244页 | |
| 开本: | 23cm | |
| 丛书名: | 心理咨询丛书 | |
| 单 册: | ||
| 中图分类: | R395.6 | |
| 科图分类: | ||
| 主题词: | 心理咨询--普及读物 | |
| 电子资源: | ||
| ISBN: | 7-80128-698-7 | |
| 000 | 00773nam 2200241 450 | |
| 001 | 003232813 | |
| 005 | 20100814151719.46 | |
| 010 | @a7-80128-698-7@dCNY25.00 | |
| 100 | @a20100515d2006 em y0chiy50 ea | |
| 101 | 0 | @achi |
| 102 | @aCN@b110000 | |
| 105 | @ay z 000yy | |
| 200 | 1 | @a大众健康心理咨询@Ada zhong jian kang xin li zi xun@e珍藏版@f红日编著 |
| 210 | @a北京@c中国言实出版社@d2006.07 | |
| 215 | @a244页@d23cm | |
| 225 | 2 | @a心理咨询丛书 |
| 330 | @a本书共分健康心理、青春期心理、长寿抗衰老心理、减肥增肥心理、保健心理、疗疾心理六部分,汇集了有关健康的最有效和最新的心理知识。 | |
| 410 | 0 | @12001 @a心理咨询丛书 |
| 606 | 0 | @a心理咨询@j普及读物 |
| 690 | @aR395.6@v4 | |
| 701 | 0 | @a红日@Ahong ri@4编著 |
| 801 | 0 | @aCN@c20100515 |
| 905 | @dR395.6@eH392@f3 | |
| 大众健康心理咨询:珍藏版/红日编著.-北京:中国言实出版社,2006.07 |
| 244页;23cm.-(心理咨询丛书) |
| ISBN 7-80128-698-7:CNY25.00 |
| 本书共分健康心理、青春期心理、长寿抗衰老心理、减肥增肥心理、保健心理、疗疾心理六部分,汇集了有关健康的最有效和最新的心理知识。 |
| ● |
| 相关链接 |
|
|
|
正题名:大众健康心理咨询
索取号:R395.6/H392
 
预约/预借
| 序号 | 登录号 | 条形码 | 馆藏地/架位号 | 状态 | 备注 |
| 1 | 1029486 | 210294867 | 自科库401/401自科库 15排3列3层/ [索取号:R395.6/H392] | 在馆 | |
| 2 | 1029487 | 210294876 | 自科库401/401自科库 15排3列3层/ [索取号:R395.6/H392] | 在馆 | |
| 3 | 1029488 | 210294885 | 自科库401/401自科库 15排3列3层/ [索取号:R395.6/H392] | 在馆 |